| 000 | 00410pam a2200157 a 4500 | ||
|---|---|---|---|
| 020 |
_a9781416067269 _c |
||
| 041 | _h | ||
| 082 |
_a617.3 _bHER |
||
| 100 | _aHERKOWITZ H.N., GARFIN S.R., BELL G.R. | ||
| 245 |
_aROTHMAN- SIMEONE THE SPINE VOL.I + ONLINE,CD _hTextual Documents |
||
| 250 | _a6. | ||
| 260 |
_bSAUNDERS _c2011 |
||
| 300 |
_a1062: _bXXVIII; _cHB+ _eONLINE,CD. |
||
| 930 | _a5595 | ||
| 999 |
_c800122 _d800122 |
||
| 650 | _aORTHO | ||